LEADER 01424nam a2200289 4500 001 000000350586 003 CaOOAMICUS 005 20220621141740.0 008 220621s2016 it 000 u ita r 020 $a9788806189578* 040 $aSeMil$bita 100 1 $aAriosto, Ludovico,$d<1474-1533>.$0(OLS)http://semarc/name/1232 245 10$aOrlando Furioso :$bsecondo l'editio princeps del 1516 /$cLudovico Ariosto ; a cura di Tina Matarrese e Marco Praloran. 264 1$aTorino :$bGiulio Einaudi,$c2016. 300 $a2 v. ;$c22 cm 490 1 $aNuova raccolta di classici italiani annotati ;$v23 500 $aIn custodia 650 4$aAriosto, Ludovico <1474-1533> . Orlando furioso.$0(OLS)http://semarc/subject/2204 700 1 $aMatarrese, Tina.$0(OLS)http://semarc/name/116023 700 1 $aPraloran, Marco,$d<1955- >.$0(OLS)http://semarc/name/116024 774 0 $aAriosto, Ludovico <1474-1533>$tVol. 1.$dTorino : Giulio Einaudi, 2016.$w()350587 774 0 $aAriosto, Ludovico <1474-1533>$tVol. 2.$dTorino : Giulio Einaudi, 2016.$w()350588 830 0$aNuova raccolta di classici italiani annotati ;$v23.$0(OLS)http://semarc/title/12077 996 $6020$a9788806189578*$9(OLS)http://semarc/number/296089 996 $6245$aOrlando Furioso :$bsecondo l'editio princeps del 1516$9(OLS)http://semarc/title/440373 996 $6264$aTorino :$bGiulio Einaudi$9(OLS)http://semarc/publisher/29810 LEADER 01125nam a2200277 i 4500 001 000000120413 003 CaOOAMICUS 005 20031120000000.0 008 031120s1999 it u000 u ita u 013 $a93107 020 $a88-8166-098-9 040 $aSeMil$bita 100 1 $aViggi, Marco.$0(OLS)http://semarc/name/50127 245 10$aCroce e azzurro :$bla via dolorosa dell'uomo-Dio /$cMarco Viggi, Giuseppina De Maria. 260 $aSotto il Monte (BG) :$bServitium,$c1999. 300 $a101 p. :$bill. ;$c25 cm. 500 $aFondo Card. C.M. Martini. 650 4$aVia Crucis - Testi.$0(OLS)http://semarc/subject/7737 700 1 $aDe Maria, Giuseppina.$0(OLS)http://semarc/name/50128 850 $aSeMil 852 $aSeMil$W1$xVenegono$y1$m3F III 73$j75600$B75600$CSeMilBibl$Z2$F101069 $81 941 1 $a4 961 $aOmaggio: Martini Card. Carlo Maria 996 $6020$a88-8166-098-9$9(OLS)http://semarc/number/105664 996 $6245$aCroce e azzurro :$bla via dolorosa dell'uomo-Dio$9(OLS)http://semarc/title/177226 996 $6260$aSotto il Monte (BG) :$bServitium$9(OLS)http://semarc/publisher/32220